[Event "Titled Tuesday intern op 11th Feb Early"]
[Site "Chess.com INT"]
[Date "2025.02.11"]
[Round "7"]
[White "Napoli, Nicolo"]
[Black "Zoar Haque, Prodhan"]
[Result "1-0"]
[WhiteElo "2228"]
[BlackElo "1947"]
[PlyCount "43"]
[EventDate "2025.02.11"]
[EventType "swiss (blitz)"]
[EventRounds "11"]
[EventCountry "USA"]
[SourceTitle "CB09_2025"]
[SourceDate "2025.02.27"]
[SourceVersion "1"]
[SourceVersionDate "2025.02.27"]
[SourceQuality "1"]

1. e4 e5 2. Nf3 Nc6 3. Bc4 Bc5 4. b4 Bb6 5. b5 Nd4 6. 0-0 d6 7. Nxd4 Bxd4 8. c3 Bb6 9. a4 c6 10. a5 Bc7 11. a6 Bb6 12. Qb3 Qc7 13. Na3 Nf6 14. axb7 Bxb7 15. bxc6 Bxc6 16. Nb5 Bxb5 17. Bxb5+ Ke7 18. d4 exd4 19. Ba3 dxc3 20. e5 Ne4 21. Qd5 Nc5 22. exd6+ 1-0

[Event "Titled Tuesday intern op 11th Feb Early"]
[Site "Chess.com INT"]
[Date "2025.02.11"]
[Round "5"]
[White "Zoar Haque, Prodhan"]
[Black "Jaskolka, Tomasz"]
[Result "0-1"]
[WhiteElo "1947"]
[BlackElo "2198"]
[PlyCount "46"]
[EventDate "2025.02.11"]
[EventType "swiss (blitz)"]
[EventRounds "11"]
[EventCountry "USA"]
[SourceTitle "CB09_2025"]
[SourceDate "2025.02.27"]
[SourceVersion "1"]
[SourceVersionDate "2025.02.27"]
[SourceQuality "1"]

1. e4 d6 2. d4 Nf6 3. Nc3 Nbd7 4. Bc4 e5 5. Nf3 Be7 6. 0-0 c6 7. h3 b5 8. Bb3 Qc7 9. a3 a6 10. Bg5 h6 11. Bh4 0-0 12. Qe2 Bb7 13. Rad1 Rfe8 14. Ba2 Nf8 15. Bg3 Ng6 16. Nh4 Nxh4 17. Bxh4 exd4 18. Rxd4 c5 19. Rd2 c4 20. Rfd1 Rad8 21. Qf3 Nxe4 22. Bxe7 Nxd2 23. Rxd2 Bxf3 0-1

[Event "Titled Tuesday intern op 04th Feb Early"]
[Site "Chess.com INT"]
[Date "2025.02.04"]
[Round "10"]
[White "Zoar Haque, Prodhan"]
[Black "Bruhovich, Olexandr"]
[Result "0-1"]
[WhiteElo "1947"]
[BlackElo "2208"]
[PlyCount "60"]
[EventDate "2025.02.04"]
[EventType "swiss (blitz)"]
[EventRounds "11"]
[EventCountry "USA"]
[SourceTitle "CB07_2025"]
[SourceDate "2025.02.12"]
[SourceVersion "1"]
[SourceVersionDate "2025.02.12"]
[SourceQuality "1"]

1. e4 c5 2. Nf3 d6 3. c4 e5 4. Nc3 g6 5. Be2 Bg7 6. d3 Ne7 7. Bg5 Nbc6 8. Qd2 h6 9. Be3 Nd4 10. Bxd4 cxd4 11. Nd5 h5 12. h3 Bh6 13. Qb4 Nxd5 14. cxd5 a5 15. Qb5+ Bd7 16. Qb3 b5 17. a3 0-0 18. 0-0 Rc8 19. Qd1 Rc5 20. b4 Rc3 21. g3 Bxh3 22. Re1 Qb6 23. Nh4 Bg5 24. Bxh5 Bxh4 25. gxh4 Qd8 26. Bg4 Qxh4 27. Bxh3 Qxh3 28. f3 Qg3+ 29. Kf1 Kg7 30. Re2 Rh8 0-1

[Event "Titled Tuesday intern op 04th Feb Early"]
[Site "Chess.com INT"]
[Date "2025.02.04"]
[Round "8"]
[White "Zoar Haque, Prodhan"]
[Black "Buscar, Michael"]
[Result "1-0"]
[WhiteElo "1947"]
[BlackElo "2016"]
[PlyCount "93"]
[EventDate "2025.02.04"]
[EventType "swiss (blitz)"]
[EventRounds "11"]
[EventCountry "USA"]
[SourceTitle "CB07_2025"]
[SourceDate "2025.02.12"]
[SourceVersion "1"]
[SourceVersionDate "2025.02.12"]
[SourceQuality "1"]

1. e4 c5 2. Nf3 Nc6 3. c4 Nf6 4. Nc3 d6 5. d4 cxd4 6. Nxd4 g6 7. Be2 Bg7 8. Be3 0-0 9. Rc1 Bd7 10. 0-0 Rc8 11. b3 Qa5 12. h3 Nxd4 13. Bxd4 Bc6 14. Bd3 Rfe8 15. Nd5 Bxd5 16. exd5 a6 17. f4 Nxd5 18. Bxg7 Ne3 19. Qf3 Nxf1 20. Bc3 Nd2 21. Bxa5 Nxf3+ 22. gxf3 Rc5 23. Bb4 Rh5 24. Kg2 Rc8 25. Be4 Rc7 26. Rd1 Kf8 27. Rd5 f5 28. Bd3 Kf7 29. a4 Ke6 30. Bb1 Rc8 31. Rd2 Rg8 32. Re2+ Kd7 33. Bd2 e6 34. Be3 h6 35. Rd2 g5 36. fxg5 hxg5 37. Bc5 d5 38. cxd5 g4 39. hxg4 fxg4 40. fxg4 Rxg4+ 41. Kf3 Rgh4 42. dxe6+ Kxe6 43. Bd6 Rh3+ 44. Kg2 Re3 45. Bg3 Rg5 46. Kf2 Rexg3 47. Be4 1-0

[Event "Titled Tuesday intern op 28th Jan Early"]
[Site "Chess.com INT"]
[Date "2025.01.28"]
[Round "11"]
[White "Skaric, Djuro"]
[Black "Zoar Haque, Prodhan"]
[Result "0-1"]
[WhiteElo "2285"]
[BlackElo "1947"]
[PlyCount "102"]
[EventDate "2025.01.28"]
[EventType "swiss (blitz)"]
[EventRounds "11"]
[EventCountry "USA"]
[SourceTitle "CB06_2025"]
[SourceDate "2025.02.05"]
[SourceVersion "1"]
[SourceVersionDate "2025.02.05"]
[SourceQuality "1"]

1. g3 e5 2. Bg2 Nc6 3. d3 d5 4. Nf3 Bd6 5. 0-0 Nge7 6. Nc3 f5 7. e4 d4 8. Ne2 0-0 9. exf5 Bxf5 10. Nd2 Qd7 11. Ne4 Bh3 12. Nxd6 cxd6 13. f4 Bxg2 14. Kxg2 Nf5 15. c3 Rf7 16. Qb3 Raf8 17. Bd2 Kh8 18. Qd5 h6 19. fxe5 Nxe5 20. Nxd4 Nh4+ 21. Kg1 Nhf3+ 22. Nxf3 Nxf3+ 23. Rxf3 Rxf3 24. Bf4 Qg4 25. Bxd6 R8f5 26. Qe4 Qh3 27. Qe2 Rf2 28. Qxf2 Rxf2 29. Kxf2 Qxh2+ 30. Kf3 Qxb2 31. Re1 Qxc3 32. Re8+ Kh7 33. Bf4 g5 34. Be3 Qxd3 35. g4 Qd1+ 36. Kf2 Qc2+ 37. Kg3 Qc6 38. Re7+ Kg6 39. Kh3 Qf3+ 40. Kh2 Qxg4 41. Bf2 Qf4+ 42. Bg3 Qd2+ 43. Kg1 Qc2 44. Re6+ Kh5 45. Re1 Qxa2 46. Bf2 b5 47. Re7 a5 48. Re3 b4 49. Rh3+ Kg6 50. Rd3 Qb1+ 51. Kg2 Qxd3 0-1